The Federal Democratic Republic of Ethiopia : Second Review of the Arrangement under the Exogenous Shocks Facility-Staff Report; Press Release on the Executive Board Discussion; and Statement by the Executive Director for the Federal Democratic Republic of Ethiopia.

Ethiopia has successfully implemented policies to reduce inflation and rebuild external reserves. Fiscal policy aims to continue the strong focus on physical and social infrastructure investment while raising the revenue effort. The recent reframing of monetary policy to adopt a reserve money nomina...

Description complète

Détails bibliographiques
Collectivité auteur: International Monetary Fund
Format: Revue
Langue:English
Publié: Washington, D.C. : International Monetary Fund, 2010.
Collection:IMF Staff Country Reports; Country Report ; No. 2010/339
Accès en ligne:Full text available on IMF
LEADER 01832cas a2200241 a 4500
001 AALejournalIMF006849
008 230101c9999 xx r poo 0 0eng d
020 |c 5.00 USD 
020 |z 9781455212637 
022 |a 1934-7685 
040 |a BD-DhAAL  |c BD-DhAAL 
110 2 |a International Monetary Fund. 
245 1 4 |a The Federal Democratic Republic of Ethiopia :   |b Second Review of the Arrangement under the Exogenous Shocks Facility-Staff Report; Press Release on the Executive Board Discussion; and Statement by the Executive Director for the Federal Democratic Republic of Ethiopia. 
264 1 |a Washington, D.C. :  |b International Monetary Fund,  |c 2010. 
300 |a 1 online resource (38 pages) 
490 1 |a IMF Staff Country Reports 
500 |a <strong>Off-Campus Access:</strong> No User ID or Password Required 
500 |a <strong>On-Campus Access:</strong> No User ID or Password Required 
506 |a Electronic access restricted to authorized BRAC University faculty, staff and students 
520 3 |a Ethiopia has successfully implemented policies to reduce inflation and rebuild external reserves. Fiscal policy aims to continue the strong focus on physical and social infrastructure investment while raising the revenue effort. The recent reframing of monetary policy to adopt a reserve money nominal anchor holds out the prospect for the end of financial repression. While the External Shocks Facility-supported program has achieved its objectives of macroeconomic stabilization and a rebuilding of external reserves, much remains to be done to sustain and accelerate growth. 
538 |a Mode of access: Internet 
830 0 |a IMF Staff Country Reports; Country Report ;  |v No. 2010/339 
856 4 0 |z Full text available on IMF  |u http://elibrary.imf.org/view/journals/002/2010/339/002.2010.issue-339-en.xml  |z IMF e-Library